000 00608nam a22001817a 4500
008 140527b xxu||||| |||| 00| 0 eng d
020 _a1557507406
041 0 _aeng
080 _a355
_x(47+57)
100 _aStaar, Richard Felix,
245 1 0 _aThe new military in Russia :
_cRichard F. Staar.
260 _aAnnapolis, Md. :
_bNaval Institute Press,
_c1996.
300 _a248 f.:
_bme il.;
_c23 cm.
500 _aPreface and Acknowledgments: f. XVII-XVIII
650 0 _aRusia (Federata)
_xForcat ushtarake
650 0 _aRusia (Federata)
_xPolitika ushtarake
942 _2udc
_cBK
999 _c473
_d473